000 01032nam a2200325Ic 4500
001 58302
003 CO-BoRNBP
005 20250821161031.0
007 ta
008 170503s2008 s g 000 f s
020 _a9788434840492
040 _aCO-BoRNBP
_bspa
_erda
_cCO-BoRNBP
041 _aspa
084 _aN
100 1 _aMendo, Miguel Ángel,
_d1949-
_eaut
_943023
245 1 0 _aShhh... Esos muertos, que se callen! /
_cMiguel Ángel Mendo.
250 _a17a. edición
264 1 _aMadird, España :
_bS. M,
_c2008
300 _a135 páginas
336 _atexto
_btxt
_2rdacontent
337 _asin mediación
_bn
_2rdamedia
338 _avolumen
_bnc
_2rdacarrier
490 0 _aEl barco de vapor : roja
650 0 4 _aLiteratura juvenil española
_ySiglo XX
_2LEMB
_91641
650 0 7 _aMuerte en la literatura
_2lemb
_91050
650 0 4 _aNovela juvenil española
_ySiglo XX
_2LEMB
_961530
650 0 7 _aParapsicología en la literatura
_2lemb
_962856
650 0 7 _aSuspenso en la literatura
_2lemb
942 _2loc
_cBKLIT
999 _c58302
_d58302